| 000 | 00558nam a2200181 a 4500 | ||
|---|---|---|---|
| 001 | 000024450 | ||
| 005 | 20200930023200.0 | ||
| 008 | 110127s1966 nyu r 000 0 eng d | ||
| 040 |
_aDO-SdBNP _bspa _cBNPHU |
||
| 082 |
_axxxxx _bS779t |
||
| 100 | 1 |
_aStafford, William _950124 |
|
| 245 | 1 | 4 |
_aThe voice of prose / _cWilliam Stafford , Frederick Candelaria. |
| 260 |
_aNew York : _bMcGraw-Hill Book, _c1966. |
||
| 300 |
_axiv, 515 p. ; _c23.5 cm. |
||
| 500 | _aIncluye notas al pie de las páginas. | ||
| 700 | 1 |
_aCandelaria, Frederick _950125 |
|
| 049 | _aBNGR | ||
| 999 |
_c23943 _d23943 |
||